|
|
|
|
| LEADER |
00000cam a2200000 7i4500 |
| 001 |
0000001791 |
| 005 |
20240924.0 |
| 008 |
991126 cau a eng |
| 020 |
|
|
|a 0314696830 (pbk.)
|
| 040 |
|
|
|a INS
|b eng
|e rda
|
| 090 |
0 |
0 |
|a P92.U5
|b U4 1983
|
| 100 |
1 |
|
|a Ulloth, Dana Royal ,
|e author
|
| 245 |
1 |
0 |
|a Mass media, past, present, future
|c Dana R. Ulloth, Peter L. Klinge, Sandra Eells
|
| 264 |
|
1 |
|a St. Paul :
|b West Publishing Co.
|c 1983
|
| 300 |
|
|
|a xiv, 429 pages :
|b illustrations ;
|c 25 cm.
|
| 336 |
|
|
|a text
|2 rdacontent
|
| 337 |
|
|
|a unmediated
|2 rdamedia
|
| 338 |
|
|
|a volume
|2 rdacarrier
|
| 650 |
|
0 |
|a Mass media
|z United States
|
| 700 |
1 |
|
|a Eells, Sandra ,
|e author
|
| 700 |
1 |
|
|a Klinge, Peter L. ,
|e author
|
| 999 |
|
|
|a 0000003765
|b BOOK
|c Open Shelf
|e Default branch
|